000
00220 a2200097 4500
001
33547
100
_a
Srinivasan, S.
245
_a
Automotive mechanics
260
_a
N D
_b
Tata McGraw-Hill
_c
2003
090
_c
22318
_d
22318
942
_a
NUST-CAE
_c
M
_c
13690
999
_c
268620
_d
268620